Najpopularniejsze numery rapowe/trapowe tygodnia.20-26.11 - Statystyki

Ogólne statystyki
  • Ten quiz został rozwiązany 14 razy
  • Średni wynik to 8 z 15
Statystyki odpowiedzi
Artysta Wyświetlenia Utwór % Poprawnych
Guzior feat. Oskar83 2.91M FALA
86%
Wiatr feat. Be Vis, Sobel 1.43M Testarossa
79%
Żabson feat. Young Leosia, Beteo, Borucci 854K ULALA
79%
Żabson feat. Mata 1.20M Aromatyczne Przyprawy
71%
Alberto 894K Dwutakt
71%
Kubańczyk 2.02M Lady Pank 2
71%
Guzior 1.48M BLUEBERRY
64%
Pezet feat. Kayah 1.08M Nisko jest niebo
50%
Bedoes & Lanek 1.59M Rewolucja Romantyczna
50%
Kabe 1.26M FEFE
43%
Wac Toja 973K Kapitan
43%
Kabe 1.95M Nad ranem
43%
Kali & Major SPZ 1.22M Mona Lisa
36%
Guzior 857K KUSHKOMA
29%
Florek feat. Młodypago, Piluś 1.81M Buzi
14%
Nie znaleziono quizów pasujących do podanych kryteriów
Rozkład punktacji
Procent ludzi z każdym wynikiem
Percentyl według liczby udzielonych odpowiedzi
Twoja historia wyników
Nie rozwiązałeś tego quizu